00886nam a2200253 a 450000100060000000300080000600500170001400800410003103500190007204000270009104100080011808200260012610000270015224500900017926000370026930000250030649000660033150400390039765000340043665000360047070000270050670000310053383000680056468535BD-RjUL20211209081801.0170403m1968 enka b 001 0 eng  a(BD-RjUL)68745 aDLCcDLCdBD-RjULbeng aeng00a576.028223bIDE 19681 aGibbs, Brian Montague,10aIdentification methods for microbiologists /cedited by B. M. Gibbs and S. A. Shapton aLondon :bAcademic Press,c1968. av. :bill, ;c24 cm.1 aSociety for Applied Bacteriology. Technical series ;vno. 1-2 aIncludes index and bibliographies. 0aMicrobiologyxClassification. 0aMicroorganismsxIdentification.1 aGibbs, Brian Montague,1 aShapton, D. A.,ejoint ed. 0aTechnical series (Society for Applied Bacteriology) ;vno. 1-2.